| 000 | 00479nam a2200181Ia 4500 | ||
|---|---|---|---|
| 005 | 20250508153250.0 | ||
| 008 | 008 250505s9999 xx 000 0 eng d | ||
| 037 | _aTextual | ||
| 040 |
_aFEDL _beng _cFEDL |
||
| 041 |
_aeng _2eng |
||
| 084 |
_a954.03, EDW _qFEDL |
||
| 100 | _aEdwardes Michael | ||
| 245 | 0 | _aLast years of British India | |
| 260 |
_aLondon, UK _bCassell _c1963 |
||
| 300 | _a250p. | ||
| 942 |
_cTEXL _h954.03, EDW |
||
| 999 |
_c1341617 _d1341617 |
||